000
00301nam a2200121Ia 4500
008
250626s1990 xx 000 0 und d
041
_a
eng
082
_a
618.6/POL
100
_a
Raydurgam N.
245
_a
Physiotherapy In Obstetrics & Gynecology
250
_a
1st
260
_b
Japee Brothers
_c
1990
999
_c
1210526
_d
1210526